Management and cost accounting

Saved in:
Bibliographic Details
Main Authors Drury, Colin, 1944- (Author), Tayles, Mike (Author)
Format Book
LanguageEnglish
Published Australia ; Brazil ; Canada ; Mexico ; Singapore ; United Kingdom ; United States : Cengage, [2024]
EditionTwelfth edition
Subjects
ISBN978-1-4737-9124-4
Physical Descriptionxix, 916 stran : barevné ilustrace ; 26 cm

Cover

LEADER 00000aam a2200000 i 4500
001 115742
003 CZ ZlUTB
005 20260601090035.0
007 ta
008 241105t20242024xxka f p 001 0 eng d
020 |a 978-1-4737-9124-4  |q (brožováno) 
040 |a ABA006  |b cze  |c ABA006  |d ABA006  |d ZLD002  |e rda 
044 |a au  |a bl  |a xxc  |a mx  |a si  |a xxk  |a xxu 
072 7 |a 657  |x Účetnictví  |2 Konspekt  |9 4 
072 7 |a 37.016  |x Učební osnovy. Vyučovací předměty. Učebnice  |2 Konspekt  |9 22 
080 |a 657  |2 MRF 
080 |a 657:005  |2 MRF 
080 |a 657.474.5  |2 MRF 
080 |a 657.47  |2 MRF 
080 |a (075.8)  |2 MRF 
100 1 |a Drury, Colin,  |d 1944-  |7 pna2007384231  |4 aut 
245 1 0 |a Management and cost accounting /  |c Colin Drury, Mike Tayles 
250 |a Twelfth edition 
264 1 |a Australia ;  |a Brazil ;  |a Canada ;  |a Mexico ;  |a Singapore ;  |a United Kingdom ;  |a United States :  |b Cengage,  |c [2024] 
264 4 |c ©2024 
300 |a xix, 916 stran :  |b barevné ilustrace ;  |c 26 cm 
336 |a text  |b txt  |2 rdacontent 
337 |a bez média  |b n  |2 rdamedia 
338 |a svazek  |b nc  |2 rdacarrier 
500 |a Terminologický slovník 
504 |a Obsahuje bibliografii a rejstřík 
650 0 7 |a účetnictví  |7 ph116911  |2 czenas 
650 0 7 |a manažerské účetnictví  |7 ph115220  |2 czenas 
650 0 7 |a kalkulace nákladů  |7 ph166527  |2 czenas 
650 0 7 |a nákladové účetnictví  |7 ph115497  |2 czenas 
650 0 9 |a accounting  |2 eczenas 
650 0 9 |a managerial accounting  |2 eczenas 
650 0 9 |a cost accounting  |2 eczenas 
655 7 |a učebnice vysokých škol  |7 fd133772  |2 czenas 
655 9 |a textbooks (higher)  |2 eczenas 
700 1 |a Tayles, Mike  |4 aut 
910 |a ZLD002 
942 |2 udc 
952 |0 0  |1 0  |4 0  |6 657DRURYC  |7 -1  |8 BOOK  |9 191385  |a UTBZL  |b UTBZL  |c 005  |d 2026-06-01  |l 0  |o 657/DRURY,C.  |p 420010202206  |r 2026-06-01 09:01:27  |v 1039.00  |w 2026-06-01  |x N:nákup  |y 01 
992 |a BK  |b SKNEW 
999 |c 115742  |d 115742